000
00262nam a2200097Ia 4500
001
805582
005
20250826171155.0
008
250824s9999 xx 000 0 und d
245
0
_a
SENİ UNUTMAYA GÜCÜM YETMEDİ
_c
AHMED GÜNBAY YILDIZ
260
_b
TİMAŞ YAYINLARI
999
_c
805582
_d
805582